000 00304nam a2200145Ia 4500
100 _aMehta/ Subhash
942 _cBK
654 _aComputer
245 _aQucik Turbo Pascal Course
260 _bGalgotia
_aNew Delhi
_c1996
082 _a5.13
_bMEH
300 _a214
546 _aENGLISH
999 _c31843
_d31843